000 00370pab a2200157 454500
008 180718b2007 xxu||||| |||| 00| 0 eng d
100 _aSwaminathan, Madhura
245 _aThe microcredit alternative?
260 _c2007
300 _ap.1171-175.
362 _a31 Mar
650 _aCredit
773 _aEconomic and Political Weekly
908 _aN
909 _a73679
999 _c73679
_d73679